UBT Library

The art of the Native American flute / (Record no. 43901)

000 -LEADER
fixed length control field 00664ccm a2200217 a 4500
001 - CONTROL NUMBER
control field 5733767
005 - DATE AND TIME OF LATEST TRANSACTION
control field 20180301094325.0
008 - FIXED-LENGTH DATA ELEMENTS--GENERAL INFORMATION
fixed length control field 980413s1996 azuuuz n eng
010 ## - LIBRARY OF CONGRESS CONTROL NUMBER
LC control number 95071172
020 ## - INTERNATIONAL STANDARD BOOK NUMBER
International Standard Book Number 0964788608
040 ## - CATALOGING SOURCE
Original cataloging agency DLC
Transcribing agency DLC
Modifying agency DLC
041 ## - LANGUAGE CODE
Language code of text/sound track or separate title eng
080 ## - UNIVERSAL DECIMAL CLASSIFICATION NUMBER
Universal Decimal Classification number 7 OWE
082 ## - DEWEY DECIMAL CLASSIFICATION NUMBER
Classification number 7 OWE
100 1# - Rafti
Rafti 44
101 ## - Shkurtesa
Shkurtesa ART
245 04 - TITLE STATEMENT
Title The art of the Native American flute /
Statement of responsibility, etc by R. Carlos Nakai and James DeMars with additional material by David P. McAllester, Ken Light.
906 ## - LOCAL DATA ELEMENT F, LDF (RLIN)
a 7
b cbc
c orignew
d 2
e ncip
f 19
g y-genmusic
942 ## - ADDED ENTRY ELEMENTS (KOHA)
Source of classification or shelving scheme
Item type Books
Holdings
Withdrawn status Lost status Source of classification or shelving scheme Damaged status Not for loan Collection code Permanent location Current location Shelving location Date acquired Total Checkouts Full call number Barcode Date last seen Price effective from Koha item type
          Koleksioni i përgjithshem UBT - Lipjan UBT - Lipjan Koleksioni i përgjithshem 03/01/2018   7 OWE 002-3000578 03/01/2018 03/01/2018 Books
UBT Library © 2015-2024. All rights reserved University Education for Business and Technology